00887cam a2200265 4500001001300000003000400013005001700017008004100034010001700075040003600092050002400128070002500152082001400177100002900191245004400220260008100264300001800345490005000363500001700413650004100430650004100471650002100512810007100533999001700604agr68000177 DLC20260227111030.0690918s1968 dcu s 000 0 eng c aagr68000177  aU.S. Nat'l Agr. Libr.cDLCdDLC00aS21b.Z2383 no. 1970 aA281.9 F76Fm no. 19700a382/.41641 aDirks, Harlan J.,d1925-10aWorld pork trendsc[by Harlan J. Dirks. aWashington]bForeign Agricultural Service, U.S. Dept. of Agriculture,c1968. a57 p.c26 cm.1 a[U.S. Foreign Agricultural Service] FAS-M-197 aCover title. 0aPork industry and tradexStatistics. 3aPork industry and tradexStatistics. 3aPorkxMarketing.1 aUnited States.bForeign Agricultural Service (1953- )tFAS-M-v197 c12483d12483